000 01881nab a2200301 a 4500
005 20210219163516.0
008 991125s1985 mx 000 0 spa u
035 _aUPN01000224149
049 _aART
100 1 _aKoerner, Andrei
100 1 _uandreik@uol.com.br
100 1 _aBarreira, Karen Elaine Sakalauska
100 1 _uksakalauska@yahoo.com.br
100 1 _aInatom, Celly Cook
100 1 _uceloca05@yahoo.com.br
222 0 _aACTA SOCIOLOGICA
245 0 0 _aA reforma gerencial do judiciario no Brasil :
_bmedidas, efeitos e impactos para os direitos dos cidadaos
260 _aMéxico
300 _a13-42
362 0 _a2017 Número 72, enero-abril
520 3 _aEl artículo presenta un análisis político de las reformas judiciales en Brasil en el período 2004 al 2015. Este analiza las medidas de reforma adoptadas, así como los efectos de la misma para el desempeño de los tribuales y su impacto para garantizar los derechos. Asimismo, el artículo actualiza el trabajo realizado por los autores en el año 2010, en el cual se analizaron las reformas implementadas de 2004 a 2009. Los datos más recientes muestran que dichas reformas intensificaron la actividad jurídica y lograron detener el aumento significativo del número de procesos judiciales en transición. Sin embargo, las reformas no fueron capaces de contener la demanda, ni tampoco de disminuir la existencia de dichos procesos. No obstante, el mayor problema reside en que este patrón de reformas trae consigo limitaciones sustanciales para la efectividad de los derechos y la democratización del Poder Judicial
653 0 _aPODER JUDICIAL
653 0 _aREFORMA JUDICIAL
653 0 _aDEMOCRATIZACION
653 0 _aBRASIL
856 4 _uhttp://www.elsevier.es/es-revista-acta-sociologica-75-articulo-a-reforma-gerencial-do-judicirio-S018660281730021X
905 _aArticulo
999 _c196246
_d196246